Xấp xỉ phân phối chuẩn và ứng dụng

محفوظ في:
التفاصيل البيبلوغرافية
المؤلف الرئيسي: Tôn Thất Tú Th.S (Chủ nhiệm đề tài)
التنسيق: كتاب
منشور في: 2014
الوسوم: إضافة وسم
لا توجد وسوم, كن أول من يضع وسما على هذه التسجيلة!
Thư viện lưu trữ: Mạng thư viện Đại học Đà Nẵng
LEADER 00692nam a2200229 4500
001 000021138
003 17585
005 20150406140435.0
008 150406s2014 sd
100 1 |a Tôn Thất Tú  |c Th.S  |e Chủ nhiệm đề tài 
245 1 0 |a Xấp xỉ phân phối chuẩn và ứng dụng  |c Tôn Thất Tú 
260 |c 2014 
500 |a Đề tài NCKH cấp Đại học Đà Nẵng . Mã số : Đ 2014-03-69 
OWN |a LSP 
999 |a From the UDN01 
TYP |a Mixed Materials 
TYP |a Monograph 
TYP |a Printed language 
980 |a Mạng thư viện Đại học Đà Nẵng